Urban storm drainage : proceedings of the international conference held at the University of Southampton, April 1978 /

Bibliographic Details
Corporate Author: University of Southampton
Other Authors: Helliwell, P. R.
Format: Book
Language:English
Published: London : Pentech Press, 1978.
Subjects:

MARC

Tag First Indicator Second Indicator Subfields
LEADER 00000cam a2200000 i 4500
001 in00000613014
005 20151015052353.0
008 781130s1978 enkab b 10000 eng d
020 |a 0727321021 
035 |a (OCoLC)04409314 
035 |9 ACU1333AM 
040 |a KKS  |c KKS  |d TXA  |d UtOrBLW 
049 |a TXAM  |c [1239884] 
090 |a TD665  |b .U69 1978a 
245 0 0 |a Urban storm drainage :  |b proceedings of the international conference held at the University of Southampton, April 1978 /  |c edited by P. R. Helliwell. 
264 1 |a London :  |b Pentech Press,  |c 1978. 
300 |a 728 pages :  |b illustrations, maps ;  |c 25 cm. 
336 |a text  |b txt  |2 rdacontent 
337 |a unmediated  |b n  |2 rdamedia 
338 |a volume  |b nc  |2 rdacarrier 
504 |a Includes bibliographies. 
650 0 |a Storm sewers  |x Congresses. 
650 0 |a Urban runoff  |v Congresses. 
700 1 |a Helliwell, P. R. 
710 2 |a University of Southampton. 
999 |a MARS 
999 f f |s abe2081f-97ea-3a51-bf97-d4eb193f8078  |i 2b00b87a-6291-3ebc-8e00-52392ea5cb83  |t 0 
952 f f |p ric  |a Texas A&M University  |b Rellis Campus  |c Joint Library Facility  |d Remote Storage  |t 0  |e TD665 .U69 1978a  |h Library of Congress classification  |i unmediated -- volume  |m A14805366068 
998 f f |a TD665 .U69 1978a  |t 0  |l Remote Storage